10 największych miast w Małopolsce - Statystyki

Ogólne statystyki
  • Ten quiz został rozwiązany 152 razy
  • Średni wynik to 4 z 10
Statystyki odpowiedzi
Liczba ludności Miasto % Poprawnych
762 448 Kraków
99%
110 381 Tarnów
78%
197 724 Kielce
39%
227 270 Częstochowa
37%
215 653 Radom
32%
206 516 Sosnowiec
32%
340 745 Lublin
31%
172 407 Bielsko - Biała
26%
122 451 Dąbrowa Górnicza
20%
92 618 Jaworzno
14%
Nie znaleziono quizów pasujących do podanych kryteriów
Rozkład punktacji
Procent ludzi z każdym wynikiem
Percentyl według liczby udzielonych odpowiedzi
Twoja historia wyników
Nie rozwiązałeś tego quizu